Pokémon-Classes de Dresseurs apparus en 1ère génération - Statistiques

Statistiques générales
  • Ce quiz a été pris 24 fois
  • Le résultat moyen est 11 sur 28
Statistiques - réponses
Classe de Dresseurs % Correct
Montagnard
82%
Gamin
73%
Nageur
73%
Scientifique
68%
Scout
68%
Pêcheur
59%
Rocket
50%
Topdresseur
50%
Fillette
41%
Pokémaniac
41%
Canon
36%
Marin
36%
Motard
36%
Ornithologue
36%
Intello
32%
Joueur
32%
Loubard
32%
Kinésiste
27%
Rocker
27%
Jongleur
23%
Karatéka
23%
Dresseur Jr♂
18%
Dresseur Jr♀
18%
Exorciste
18%
Gentleman
18%
Mécano
14%
Pillard
14%
Fan de Camping
5%
Aucun quiz correspondant
Distribution des résultats
% des personnes avec chaque résultat
Percentile par nombre de réponses
Votre historique - résultats
Vous n’avez pas pris ce quiz